[Event "DEM U12/U12w 2009"]
[Site "Willingen GER"]
[Date "2009.06.04"]
[Round "8"]
[White "Behr, Jessica"]
[Black "Koch, Elisabeth"]
[Result "0-1"]
[Termination "normal"]
[Board "42"]
[WhiteElo "1053"]
[BlackElo "1301"]
[PlyCount "80"]
[BlackFideId "24695068"]
[EventCountry "GER"]
[EventRounds "11"]
[EventType "swiss"]
[EventDate "2009.05.30"]

1. e4 e5 2. Nf3 Nc6 3. Bc4 Nf6 4. Nc3 Nxe4 5. Bxf7+ Kxf7 6. Nxe4 Be7 7. d3 Rf8
8. Nfg5+ Kg8 9. Qh5 h6 10. Nf3 d5 11. Ng3 Qd6 12. O-O Bd7 13. b3 Kh7 14. Re1
Bf6 15. Nh4 Be7 16. Bb2 Qf6 17. Nf3 g6 18. Bxe5 gxh5 19. Bxf6 Bxf6 20. Rac1 Bg4
21. c4 h4 22. Nf1 Bxf3 23. gxf3 Bg5 24. Rcd1 d4 25. h3 Rxf3 26. Kg2 Rf7 27. Nh2
Rg8 28. Re6 Be3+ 29. Kh1 Rxf2 30. Ng4 Rf3 31. Nf6+ Kg7 32. Nxg8 Rxh3+ 33. Kg2
Rg3+ 34. Kh2 Kxg8 35. Rxh6 Bxh6 36. Rf1 Ne5 37. Kh1 Nxd3 38. Rf6 Bf4 39. Re6
Nf2+ 40. Kh2 Rg6# 0-1

[Event "DEM U12/U12w 2009"]
[Site "Willingen GER"]
[Date "2009.06.04"]
[Round "8"]
[White "Reksten, Anne"]
[Black "Nitzsche, Pia"]
[Result "1/2-1/2"]
[Termination "normal"]
[Board "43"]
[WhiteElo "1176"]
[BlackElo "1350"]
[PlyCount "85"]
[WhiteFideId "24692778"]
[BlackFideId "12900370"]
[EventCountry "GER"]
[EventRounds "11"]
[EventType "swiss"]
[EventDate "2009.05.30"]

1. c4 c5 2. g3 g6 3. Bg2 Bg7 4. e4 d6 5. Ne2 Nc6 6. Nbc3 Nf6 7. d3 O-O 8. O-O
Rb8 9. a3 a5 10. Rb1 Bd7 11. h3 Qc8 12. Kh2 Ne8 13. Be3 Nc7 14. d4 cxd4 15.
Nxd4 Ne5 16. b3 b5 17. f4 b4 18. axb4 axb4 19. Nd5 Nxd5 20. cxd5 Ng4+ 21. hxg4
Bxg4 22. Qc1 Qb7 23. Qc6 Qxc6 24. Nxc6 Rb7 25. Bd2 Rc8 26. Bh3 Bxh3 27. Kxh3 e6
28. Rfc1 Kf8 29. Rc4 Ke8 30. Rxb4 Rxb4 31. Bxb4 Kd7 32. Ba3 f5 33. Nb4 fxe4 34.
dxe6+ Kxe6 35. Bb2 Bf8 36. Bd4 d5 37. Na2 Rc2 38. Rb2 Rxb2 39. Bxb2 Bc5 40. b4
Bb6 41. Nc1 d4 42. Nb3 d3 43. Kg2 1/2-1/2

[Event "DEM U12/U12w 2009"]
[Site "Willingen GER"]
[Date "2009.06.04"]
[Round "8"]
[White "Faden, Maximilian"]
[Black "Böhme, Mathis"]
[Result "1/2-1/2"]
[Termination "normal"]
[Board "44"]
[WhiteElo "1325"]
[BlackElo "1190"]
[PlyCount "64"]
[BlackFideId "12900443"]
[EventCountry "GER"]
[EventRounds "11"]
[EventType "swiss"]
[EventDate "2009.05.30"]

1. e4 d5 2. exd5 Nf6 3. Bb5+ Nbd7 4. Nc3 Nxd5 5. Nxd5 c6 6. Nxe7 Qxe7+ 7. Be2
Nf6 8. Nf3 Bf5 9. O-O Qc5 10. c3 Bd6 11. Re1 O-O 12. d4 Qb6 13. b3 Rfe8 14. Be3
Qd8 15. Bd3 Bg4 16. h3 Bxf3 17. Qxf3 Bc7 18. Bf4 Qd7 19. Bxc7 Qxc7 20. g3 Qa5
21. b4 Rxe1+ 22. Rxe1 Qxa2 23. Qe2 Qxe2 24. Rxe2 Nd5 25. Rc2 g6 26. Be4 Nf6 27.
Bf3 a5 28. bxa5 Rxa5 29. Rb2 Ra3 30. Rxb7 Rxc3 31. Kg2 Rc4 32. Rc7 Rxd4 1/2-1/2

[Event "DEM U12/U12w 2009"]
[Site "Willingen GER"]
[Date "2009.06.04"]
[Round "8"]
[White "Paliy, Margaryta"]
[Black "Fuchs, Linda"]
[Result "0-1"]
[Termination "normal"]
[Board "45"]
[WhiteElo "1047"]
[BlackElo "1202"]
[PlyCount "136"]
[WhiteFideId "24692417"]
[BlackFideId "12900435"]
[EventCountry "GER"]
[EventRounds "11"]
[EventType "swiss"]
[EventDate "2009.05.30"]

1. e4 c6 2. d4 d5 3. exd5 cxd5 4. Nc3 Nf6 5. Bg5 Nc6 6. Nf3 Bg4 7. Bb5 e6 8.
O-O Be7 9. h3 Bh5 10. Qd3 O-O 11. Bxc6 bxc6 12. Ne5 Qc7 13. Qg3 h6 14. Bxh6 Ne8
15. Rae1 Kh8 16. Bf4 Qb7 17. Na4 Bg6 18. Nxg6+ fxg6 19. Be5 Kh7 20. Re3 Nf6 21.
Qh4+ Nh5 22. Qg4 Qd7 23. Nc5 Bxc5 24. dxc5 Rf7 25. Rf3 Rc8 26. Rxf7 Qxf7 27.
Qh4 Qf5 28. Bc3 Qxc2 29. g4 Qe4 30. Re1 Qf4 31. Re2 Kg8 32. Bd2 Qd4 33. Bc3 Qf4
34. Be5 Qc4 35. Re3 Qc1+ 36. Kg2 Qc4 37. Rc3 Qe4+ 38. Rf3 Qxe5 39. gxh5 gxh5
40. Qf4 Qxf4 41. Rxf4 Rb8 42. b3 Rb5 43. Ra4 a5 44. Rh4 g6 45. Rf4 Kg7 46. Rf3
e5 47. Kg3 Rxc5 48. Re3 d4 49. Rd3 Rc3 50. Rxc3 dxc3 51. a4 c2 52. h4 c1=Q 53.
b4 axb4 54. a5 Qa3+ 55. f3 Qxa5 56. f4 exf4+ 57. Kxf4 Kf6 58. Ke3 Kf5 59. Kf3
Qc5 60. Kg3 g5 61. hxg5 Kxg5 62. Kh2 Qc3 63. Kg1 Kg4 64. Kf2 Qd3 65. Ke1 Qc2
66. Kf1 Kg3 67. Ke1 Kf3 68. Kf1 Qc1# 0-1

[Event "DEM U12/U12w 2009"]
[Site "Willingen GER"]
[Date "2009.06.04"]
[Round "8"]
[White "Bajorski, Maria Sophie"]
[Black "Heinemann, Josefine"]
[Result "1-0"]
[Termination "normal"]
[Board "46"]
[WhiteElo "1485"]
[BlackElo "1062"]
[PlyCount "43"]
[WhiteFideId "24654531"]
[BlackFideId "12900460"]
[EventCountry "GER"]
[EventRounds "11"]
[EventType "swiss"]
[EventDate "2009.05.30"]

1. e4 e5 2. Nf3 Nc6 3. Bc4 Bc5 4. c3 Nf6 5. d4 exd4 6. cxd4 Bb4+ 7. Nc3 d5 8.
exd5 Nxd5 9. Qb3 Nce7 10. O-O Bxc3 11. bxc3 O-O 12. Ba3 Nb6 13. Rfe1 Be6 14.
Bxe6 fxe6 15. Qxe6+ Kh8 16. Bxe7 Qe8 17. Bxf8 Qxf8 18. Qe7 Qc8 19. Rac1 Nd5 20.
Qe6 Qd8 21. Ne5 Qb8 22. Qxd5 1-0

[Event "DEM U12/U12w 2009"]
[Site "Willingen GER"]
[Date "2009.06.04"]
[Round "8"]
[White "Sadjjadi, Anahita"]
[Black "Weber, Sandra"]
[Result "0-1"]
[Termination "normal"]
[Board "48"]
[WhiteElo "1010"]
[BlackElo "1315"]
[PlyCount "80"]
[BlackFideId "1270049"]
[EventCountry "GER"]
[EventRounds "11"]
[EventType "swiss"]
[EventDate "2009.05.30"]

1. e4 e5 2. Nf3 Nf6 3. Nc3 Nc6 4. Bb5 Bb4 5. d3 d6 6. Bd2 O-O 7. O-O h6 8. h3
Bd7 9. Qe2 a6 10. a3 Bxc3 11. Bxc6 Bxd2 12. Bxd7 Qxd7 13. Qxd2 Rfe8 14. b4 d5
15. Rfe1 dxe4 16. dxe4 Qc6 17. Nh4 Nxe4 18. Qd3 Ng5 19. c4 Rad8 20. Qc3 Qf6 21.
c5 Qf4 22. Qg3 Qxg3 23. fxg3 f6 24. Nf3 Ne6 25. Nd2 Nd4 26. Rac1 Rd7 27. Nc4
Rb8 28. Rcd1 Ne2+ 29. Kf2 Rxd1 30. Rxd1 Nd4 31. a4 Kf7 32. Ke3 Ke6 33. Ke4 b6
34. a5 bxa5 35. bxa5 Rb5 36. Rc1 Rxc5 37. Kd3 Rb5 38. Ne3 c5 39. Nc4 Nb3 40.
Rb1 Nd4 0-1

[Event "DEM U12/U12w 2009"]
[Site "Willingen GER"]
[Date "2009.06.04"]
[Round "8"]
[White "Wagner, Swenja"]
[Black "Gaßmann, Linda"]
[Result "1/2-1/2"]
[Termination "normal"]
[Board "49"]
[WhiteElo "833"]
[BlackElo "1143"]
[PlyCount "39"]
[WhiteFideId "12900494"]
[BlackFideId "12900451"]
[EventCountry "GER"]
[EventRounds "11"]
[EventType "swiss"]
[EventDate "2009.05.30"]

1. e4 e5 2. Nf3 Nc6 3. Bc4 Bc5 4. c3 d6 5. d4 exd4 6. cxd4 Bb4+ 7. Bd2 Bxd2+ 8.
Nbxd2 Nf6 9. Qb3 Qd7 10. O-O O-O 11. Bb5 Qg4 12. Rfe1 a6 13. h3 Qh5 14. Bf1 g5
15. Qd1 Kh8 16. Nh2 Qxd1 17. Raxd1 Rd8 18. g4 b5 19. Bg2 Nd7 20. Ndf3 1/2-1/2

[Event "DEM U12/U12w 2009"]
[Site "Willingen GER"]
[Date "2009.06.05"]
[Round "9"]
[White "Kvetny, Mark"]
[Black "Svane, Rasmus"]
[Result "0-1"]
[Termination "normal"]
[Board "1"]
[WhiteElo "1858"]
[BlackElo "2034"]
[PlyCount "49"]
[WhiteFideId "24603929"]
[BlackFideId "4657101"]
[EventCountry "GER"]
[EventRounds "11"]
[EventType "swiss"]
[EventDate "2009.05.30"]

1. d4 d5 2. c4 c6 3. Nf3 Nf6 4. Nc3 e6 5. e3 Nbd7 6. Qc2 Bd6 7. b3 O-O 8. Bb2
Qe7 9. Be2 dxc4 10. bxc4 e5 11. O-O Re8 12. Rfe1 e4 13. Nd2 Nf8 14. f3 exf3 15.
Bxf3 Ng4 16. Nf1 Qg5 17. e4 Bf4 18. Qd3 Ng6 19. g3 Nxh2 20. Kxh2 Bxg3+ 21. Nxg3
Qh4+ 22. Kg1 Qxg3+ 23. Kh1 Nh4 24. Re3 Bg4 25. Rf1 0-1

[Event "DEM U12/U12w 2009"]
[Site "Willingen GER"]
[Date "2009.06.05"]
[Round "9"]
[White "Wagner, Dennis"]
[Black "Blübaum, Matthias"]
[Result "1-0"]
[Termination "normal"]
[Board "2"]
[WhiteElo "2024"]
[BlackElo "2051"]
[PlyCount "97"]
[WhiteFideId "24650684"]
[BlackFideId "24651516"]
[EventCountry "GER"]
[EventRounds "11"]
[EventType "swiss"]
[EventDate "2009.05.30"]

1. e4 e6 2. d4 d5 3. Nc3 Nf6 4. e5 Nfd7 5. f4 c5 6. Nf3 Nc6 7. Be3 Be7 8. Qd2
O-O 9. g3 f6 10. Bh3 Kh8 11. Ne2 Nb6 12. b3 fxe5 13. Nxe5 Nxe5 14. fxe5 cxd4
15. Bxd4 Bg5 16. Be3 Bxe3 17. Qxe3 Qc7 18. Nd4 Qc5 19. Rf1 Bd7 20. Rf2 Rxf2 21.
Kxf2 Rf8+ 22. Kg2 Na8 23. a4 Nc7 24. Rf1 b6 25. Rf4 Kg8 26. Qf2 Qe7 27. Kg1 h6
28. Bf1 g5 29. Rf3 Rxf3 30. Qxf3 Qg7 31. Qe3 Kf8 32. Bd3 Ke7 33. Kf2 Qf7+ 34.
Qf3 Qg7 35. Qe3 Qf7+ 36. Kg2 Qg7 37. Qe1 Ke8 38. Nf3 Bc6 39. Qc3 Bb7 40. Qd4
Bc6 41. h3 Qe7 42. Kf2 Qc5 43. Ke3 Qe7 44. Nh2 Kd8 45. Ng4 Qg7 46. a5 Na8 47.
Qb4 Kc7 48. Qd6+ Kb7 49. a6+ 1-0

[Event "DEM U12/U12w 2009"]
[Site "Willingen GER"]
[Date "2009.06.05"]
[Round "9"]
[White "Lampert, Jonas"]
[Black "Yankelevich, Lev"]
[Result "1-0"]
[Termination "normal"]
[Board "3"]
[WhiteElo "1977"]
[BlackElo "1898"]
[PlyCount "120"]
[WhiteFideId "1303759"]
[BlackFideId "24684074"]
[EventCountry "GER"]
[EventRounds "11"]
[EventType "swiss"]
[EventDate "2009.05.30"]

1. e4 Nf6 2. e5 Nd5 3. d4 d6 4. Nf3 dxe5 5. Nxe5 c6 6. Be2 Nd7 7. Nf3 N7f6 8.
O-O g6 9. c4 Nb6 10. h3 Bg7 11. Be3 O-O 12. Nc3 Bf5 13. b3 Ne4 14. Nxe4 Bxe4
15. Qd2 Bxf3 16. Bxf3 e5 17. Rad1 Qe7 18. Rfe1 Rad8 19. Qc1 Qb4 20. Bd2 Qe7 21.
Bc3 Qc7 22. dxe5 Rxd1 23. Qxd1 Re8 24. Qd6 Qe7 25. Qxe7 Rxe7 26. Bg4 h5 27. Bd1
Nd7 28. f4 Nc5 29. Bb4 b6 30. Bxc5 bxc5 31. Bf3 Re6 32. Rd1 f6 33. Rd8+ Kf7 34.
Rd7+ Re7 35. Rxe7+ Kxe7 36. exf6+ Bxf6 37. Bxc6 Bh4 38. Be4 Kf6 39. Kh2 Bf2 40.
g3 h4 41. gxh4 Bxh4 42. Kg2 Be1 43. Kf3 Bd2 44. Bc2 Bc1 45. Ke4 Ke6 46. Bd1 a5
47. Bg4+ Kf6 48. f5 gxf5+ 49. Bxf5 Kg5 50. Bd7 Kh4 51. Kd5 Ba3 52. Kc6 Kg5 53.
Kb5 Bb4 54. Ka4 Kf6 55. h4 Ke7 56. Bg4 Kd6 57. Kb5 Be1 58. h5 Bd2 59. Bd1 Bg5
60. Kxa5 Kc6 1-0

[Event "DEM U12/U12w 2009"]
[Site "Willingen GER"]
[Date "2009.06.05"]
[Round "9"]
[White "Xu, Xianliang"]
[Black "Schröder, Jan-Christian"]
[Result "1-0"]
[Termination "normal"]
[Board "4"]
[WhiteElo "1921"]
[BlackElo "1820"]
[PlyCount "73"]
[WhiteFideId "4603230"]
[BlackFideId "24662259"]
[EventCountry "GER"]
[EventRounds "11"]
[EventType "swiss"]
[EventDate "2009.05.30"]

1. e4 e5 2. f4 Bc5 3. Nf3 d6 4. Nc3 Nc6 5. Bb5 Nf6 6. d3 a6 7. Bxc6+ bxc6 8.
fxe5 dxe5 9. Qe2 Qd6 10. Be3 Bb6 11. Bxb6 cxb6 12. O-O-O c5 13. Rdf1 b5 14. Nh4
b4 15. Nb1 Qe6 16. Nf5 O-O 17. Qf2 Qxa2 18. Nxg7 Ng4 19. Qg3 Kxg7 20. h3 Qe6
21. hxg4 Qe7 22. Rh5 f6 23. g5 f5 24. Qh3 Kg8 25. exf5 Qe8 26. g6 Qd8 27. Rxh7
Qg5+ 28. Nd2 Bxf5 29. Rh8+ Kg7 30. Rxf8 Rxf8 31. Qh7+ Kf6 32. g7 Re8 33. g8=Q
Rxg8 34. Rxf5+ Qxf5 35. Qxg8 Qh5 36. Ne4+ Ke7 37. Qg5+ 1-0

[Event "DEM U12/U12w 2009"]
[Site "Willingen GER"]
[Date "2009.06.05"]
[Round "9"]
[White "Donchenko, Alexander"]
[Black "Bonk, Andras"]
[Result "1-0"]
[Termination "normal"]
[Board "5"]
[WhiteElo "1984"]
[BlackElo "1759"]
[PlyCount "43"]
[WhiteFideId "24603295"]
[BlackFideId "24692123"]
[EventCountry "GER"]
[EventRounds "11"]
[EventType "swiss"]
[EventDate "2009.05.30"]

1. d4 Nf6 2. Nf3 g6 3. c4 Bg7 4. Nc3 d6 5. e4 O-O 6. Be2 e5 7. dxe5 dxe5 8.
Qxd8 Rxd8 9. Bg5 c6 10. Nxe5 Re8 11. O-O-O Na6 12. Nf3 Ng4 13. Rhe1 Bxc3 14.
bxc3 f6 15. Bh4 g5 16. Bg3 Rxe4 17. Rd8+ Kg7 18. Nd4 c5 19. Bf3 Re7 20. Rxc8
Rxc8 21. Nf5+ Kf7 22. Nd6+ 1-0

[Event "DEM U12/U12w 2009"]
[Site "Willingen GER"]
[Date "2009.06.05"]
[Round "9"]
[White "Töws, Manuel"]
[Black "Zimmermann, Christian"]
[Result "1-0"]
[Termination "normal"]
[Board "6"]
[WhiteElo "1863"]
[BlackElo "1655"]
[PlyCount "35"]
[WhiteFideId "24654485"]
[BlackFideId "24692069"]
[EventCountry "GER"]
[EventRounds "11"]
[EventType "swiss"]
[EventDate "2009.05.30"]

1. e4 e5 2. Nf3 Nc6 3. d4 exd4 4. Nxd4 Bc5 5. Nxc6 Qf6 6. Qd2 Qxc6 7. Nc3 Bb4
8. Bd3 Nf6 9. O-O O-O 10. e5 Ng4 11. Qf4 Bxc3 12. Qxg4 d6 13. Qh4 g6 14. bxc3
Qxc3 15. Bh6 Re8 16. Qf6 Qxe5 17. Rae1 Re6 18. Rxe5 1-0

[Event "DEM U12/U12w 2009"]
[Site "Willingen GER"]
[Date "2009.06.05"]
[Round "9"]
[White "Volz, Alexander"]
[Black "Schoepe, Tobias"]
[Result "1/2-1/2"]
[Termination "normal"]
[Board "7"]
[WhiteElo "1650"]
[BlackElo "1576"]
[PlyCount "68"]
[WhiteFideId "4669126"]
[BlackFideId "24692107"]
[EventCountry "GER"]
[EventRounds "11"]
[EventType "swiss"]
[EventDate "2009.05.30"]

1. e4 e5 2. Nf3 Nc6 3. Bc4 Nf6 4. Ng5 d5 5. exd5 Na5 6. Bb5+ Bd7 7. Qe2 Be7 8.
Bxd7+ Qxd7 9. Qxe5 Nxd5 10. Nf3 Nc6 11. Qg3 Qe6+ 12. Kf1 O-O-O 13. Qh3 f5 14.
d3 h6 15. g3 g5 16. Qg2 g4 17. Ng1 Nd4 18. f4 Rde8 19. Nc3 Nb4 20. Bd2 Nbxc2
21. Rc1 Bb4 22. a3 Ba5 23. Qf2 Bb6 24. Qg2 Ne3+ 25. Bxe3 Qxe3 26. Rd1 Nf3 27.
Nxf3 gxf3 28. Qd2 Qd4 29. Re1 Rxe1+ 30. Kxe1 Re8+ 31. Kd1 Re3 32. Kc2 Ba5 33.
b4 Bb6 34. Rf1 a6 1/2-1/2

[Event "DEM U12/U12w 2009"]
[Site "Willingen GER"]
[Date "2009.06.05"]
[Round "9"]
[White "Peil, Christoph"]
[Black "Ott, Florian"]
[Result "1-0"]
[Termination "normal"]
[Board "8"]
[WhiteElo "1756"]
[BlackElo "1567"]
[PlyCount "55"]
[WhiteFideId "24651800"]
[BlackFideId "12900281"]
[EventCountry "GER"]
[EventRounds "11"]
[EventType "swiss"]
[EventDate "2009.05.30"]

1. e4 e6 2. d4 d5 3. Nc3 Bb4 4. exd5 exd5 5. Bd3 c5 6. a3 Ba5 7. dxc5 Bxc3+ 8.
bxc3 Nc6 9. Ne2 Bg4 10. O-O Nge7 11. f3 Bh5 12. Nf4 Bg6 13. Nxg6 hxg6 14. Bf4
Qa5 15. Bd6 O-O-O 16. Rb1 Qxc3 17. Rb3 Qd4+ 18. Rf2 Nf5 19. c3 Qh4 20. g3 Qh3
21. Bf4 d4 22. Rxb7 Kxb7 23. Qb3+ Ka8 24. Rb2 Rb8 25. Be4 Nd6 26. Bxc6+ Rb7 27.
Qxb7+ Nxb7 28. Bxb7# 1-0

[Event "DEM U12/U12w 2009"]
[Site "Willingen GER"]
[Date "2009.06.05"]
[Round "9"]
[White "Wolff, Christopher"]
[Black "Schuhmacher, Jakob"]
[Result "1-0"]
[Termination "normal"]
[Board "9"]
[WhiteElo "1494"]
[BlackElo "1650"]
[PlyCount "55"]
[BlackFideId "4612787"]
[EventCountry "GER"]
[EventRounds "11"]
[EventType "swiss"]
[EventDate "2009.05.30"]

1. e4 e6 2. d4 b6 3. Bd3 Bb7 4. Nf3 Nf6 5. Qe2 c5 6. c3 Be7 7. O-O d5 8. e5
Nfd7 9. b3 Nc6 10. Nbd2 cxd4 11. cxd4 Nb4 12. a4 Nxd3 13. Qxd3 O-O 14. Ba3 Bxa3
15. Rxa3 Qc8 16. b4 Qd8 17. Rc3 Rc8 18. Rxc8 Qxc8 19. Ng5 g6 20. Qh3 h5 21. g4
Kg7 22. gxh5 Rh8 23. Qf3 Qg8 24. hxg6 Kxg6 25. Kh1 Nxe5 26. dxe5 Ba8 27. Rg1
Rxh2+ 28. Kxh2 1-0

[Event "DEM U12/U12w 2009"]
[Site "Willingen GER"]
[Date "2009.06.05"]
[Round "9"]
[White "Imcke, Patrick"]
[Black "Lerch, Philipp"]
[Result "0-1"]
[Termination "normal"]
[Board "10"]
[WhiteElo "1711"]
[BlackElo "1900"]
[PlyCount "58"]
[WhiteFideId "4622502"]
[BlackFideId "4654129"]
[EventCountry "GER"]
[EventRounds "11"]
[EventType "swiss"]
[EventDate "2009.05.30"]

1. e4 c5 2. Nc3 Nc6 3. f4 e6 4. Nf3 d6 5. Bc4 Be7 6. O-O Nf6 7. d3 O-O 8. Be3
d5 9. Bb3 d4 10. Bd2 dxc3 11. Bxc3 Nd4 12. Qd2 b6 13. h3 Ba6 14. Ne5 Nxe4 15.
dxe4 Bxf1 16. Rxf1 Nxb3 17. Qxd8 Rfxd8 18. axb3 Rac8 19. Kf2 f6 20. Nd3 c4 21.
bxc4 Rxc4 22. Ke3 b5 23. Rc1 b4 24. Bd2 a5 25. b3 Rc6 26. Ke2 e5 27. fxe5 fxe5
28. Be1 Rd4 29. Ke3 Bg5+ 0-1

[Event "DEM U12/U12w 2009"]
[Site "Willingen GER"]
[Date "2009.06.05"]
[Round "9"]
[White "Scheel, Henrik"]
[Black "Manusina, Nicole"]
[Result "1-0"]
[Termination "normal"]
[Board "12"]
[WhiteElo "1626"]
[BlackElo "1685"]
[PlyCount "87"]
[WhiteFideId "24692115"]
[BlackFideId "24657514"]
[EventCountry "GER"]
[EventRounds "11"]
[EventType "swiss"]
[EventDate "2009.05.30"]

1. e4 c6 2. d4 d5 3. exd5 cxd5 4. Nf3 Bg4 5. Bd3 Nc6 6. c3 Qc7 7. O-O e6 8. Re1
Bd6 9. h3 Bh5 10. Be3 Nf6 11. Nbd2 O-O 12. Qc2 Rfc8 13. Rac1 Bg6 14. Bxg6 hxg6
15. Qd3 Qb6 16. b3 Rc7 17. c4 Nb4 18. Qb1 Qa6 19. a4 Rac8 20. Rc3 dxc4 21. bxc4
Qxa4 22. c5 a5 23. Nc4 Nfd5 24. Ra3 Qc2 25. Nxd6 Rd8 26. Rxa5 Rcd7 27. Qxc2
Nxc2 28. Re2 Ncb4 29. Ne5 Rc7 30. Ra7 Rb8 31. Rb2 Nxe3 32. fxe3 Nd5 33. Rbxb7
Rbxb7 34. Rxb7 Rxb7 35. Nxb7 g5 36. e4 Nc7 37. Kf2 f6 38. Nc4 Kf7 39. Ne3 Ke7
40. d5 Kd7 41. c6+ Ke8 42. d6 Nb5 43. d7+ Kf7 44. d8=Q 1-0

[Event "DEM U12/U12w 2009"]
[Site "Willingen GER"]
[Date "2009.06.05"]
[Round "9"]
[White "Grigorian, Spartak"]
[Black "Lieber, Carl"]
[Result "1-0"]
[Termination "normal"]
[Board "13"]
[WhiteElo "1765"]
[BlackElo "1587"]
[PlyCount "68"]
[WhiteFideId "24661490"]
[EventCountry "GER"]
[EventRounds "11"]
[EventType "swiss"]
[EventDate "2009.05.30"]

1. e4 c5 2. Nf3 e6 3. d4 cxd4 4. Nxd4 a6 5. Bd3 Qc7 6. Nc3 Nc6 7. Be3 Nf6 8.
O-O Be7 9. Nxc6 bxc6 10. f4 d6 11. Qe1 O-O 12. Qg3 Rb8 13. e5 dxe5 14. fxe5 Nh5
15. Qh3 Qxe5 16. Bf4 Qc5+ 17. Kh1 Ra8 18. g4 g6 19. gxh5 e5 20. Qg2 exf4 21.
hxg6 fxg6 22. Bxg6 f3 23. Rxf3 Rxf3 24. Be4+ Qg5 25. Qxf3 Bg4 26. Qg2 Kh8 27.
Rg1 h5 28. h3 Qh4 29. Qg3 Qxh3+ 30. Qxh3 Bxh3 31. Rg6 h4 32. Re6 Rg8 33. Rxc6
Rf8 34. Nd5 Bg5 1-0

[Event "DEM U12/U12w 2009"]
[Site "Willingen GER"]
[Date "2009.06.05"]
[Round "9"]
[White "Koop, Thorben"]
[Black "Tennert, Simon"]
[Result "1-0"]
[Termination "normal"]
[Board "14"]
[WhiteElo "1735"]
[BlackElo "1729"]
[PlyCount "89"]
[WhiteFideId "24661619"]
[BlackFideId "1270445"]
[EventCountry "GER"]
[EventRounds "11"]
[EventType "swiss"]
[EventDate "2009.05.30"]

1. c4 c6 2. Nc3 Nf6 3. g3 d5 4. cxd5 cxd5 5. d4 Bf5 6. Nf3 h6 7. Bg2 e6 8. Bf4
Bd6 9. Bxd6 Qxd6 10. O-O a6 11. Rc1 O-O 12. Qb3 Nbd7 13. Rfd1 b5 14. a3 Rfc8
15. Ne1 Rc7 16. f3 Qb6 17. Kh1 Rac8 18. Nc2 e5 19. e4 dxe4 20. fxe4 Bg4 21. Rd2
exd4 22. Nxd4 Nc5 23. Qc2 Ncxe4 24. Bxe4 Rd7 25. Nb3 Qe3 26. Bg2 Re7 27. Rd3
Qg5 28. Qd2 Qh5 29. Nd5 Rxc1+ 30. Nxc1 Nxd5 31. Rxd5 Qg6 32. Rd8+ Kh7 33. Rd4
Qe6 34. Re4 Qf6 35. Rxg4 Qb6 36. Rd4 a5 37. Be4+ g6 38. Bg2 Re5 39. Rd7 Qe6 40.
Bf1 Re1 41. Rxf7+ Kg8 42. Rf2 Qc6+ 43. Kg1 Qxc1 44. Qd8+ Kg7 45. Qd7+ 1-0

[Event "DEM U12/U12w 2009"]
[Site "Willingen GER"]
[Date "2009.06.05"]
[Round "9"]
[White "Nöttling, Dominik"]
[Black "Hümmecke, Aaron"]
[Result "1-0"]
[Termination "normal"]
[Board "17"]
[WhiteElo "1781"]
[BlackElo "1578"]
[PlyCount "133"]
[WhiteFideId "24672807"]
[BlackFideId "24692522"]
[EventCountry "GER"]
[EventRounds "11"]
[EventType "swiss"]
[EventDate "2009.05.30"]

1. e4 e5 2. Nf3 Nc6 3. Bc4 Nf6 4. d3 Bc5 5. c3 d6 6. Bb3 Be6 7. Bc2 Bg4 8. Nbd2
d5 9. h3 Bh5 10. g4 Bg6 11. Qe2 d4 12. c4 Qd6 13. a3 a5 14. Nf1 O-O-O 15. Ng3
Nd7 16. Nh4 Nb6 17. b3 h6 18. Rf1 Qe7 19. Nhf5 Bxf5 20. Nxf5 Qf6 21. g5 Qg6 22.
Qg4 Kb8 23. gxh6 Qxg4 24. hxg4 gxh6 25. Nxh6 Rh7 26. Nf5 Rg8 27. Bd1 Ne7 28.
Nxe7 Bxe7 29. Bd2 Nd7 30. b4 axb4 31. axb4 Nf6 32. Rg1 Nxg4 33. Bxg4 Rxg4 34.
Rxg4 Rh1+ 35. Ke2 Rxa1 36. Rg7 Ra2 37. c5 Ka7 38. Kd1 Ra1+ 39. Kc2 Ra2+ 40. Kc1
Ra1+ 41. Kb2 Rf1 42. Rxf7 Bh4 43. f4 exf4 44. Rxf4 Rxf4 45. Bxf4 c6 46. Kb3 b5
47. cxb6+ Kxb6 48. Kc4 Be7 49. Be5 Kb7 50. Bxd4 Kc7 51. b5 cxb5+ 52. Kxb5 Kd7
53. Bc5 Bf6 54. Kc4 Ke6 55. d4 Bd8 56. Kb5 Kd7 57. Bb4 Bc7 58. Kc5 Bd6+ 59. Kc4
Bc7 60. Kd5 Bb8 61. e5 Bc7 62. e6+ Ke8 63. Kc6 Bd8 64. d5 Bf6 65. d6 Be7 66.
d7+ Kd8 67. Ba5# 1-0

[Event "DEM U12/U12w 2009"]
[Site "Willingen GER"]
[Date "2009.06.05"]
[Round "9"]
[White "Xiong, Ferdinand"]
[Black "Abrahamyan, Arsen"]
[Result "1-0"]
[Termination "normal"]
[Board "18"]
[WhiteElo "1815"]
[BlackElo "1573"]
[PlyCount "101"]
[WhiteFideId "24654132"]
[BlackFideId "1271755"]
[EventCountry "GER"]
[EventRounds "11"]
[EventType "swiss"]
[EventDate "2009.05.30"]

1. e4 c5 2. Nf3 Nc6 3. d4 cxd4 4. Nxd4 e5 5. Nb5 d6 6. N1c3 a6 7. Na3 b5 8. Nd5
Nge7 9. c4 Nxd5 10. exd5 Nd4 11. Be3 Be7 12. Bxd4 exd4 13. cxb5 O-O 14. Be2
Qa5+ 15. Qd2 Qxd2+ 16. Kxd2 Bg5+ 17. Kd1 Bf6 18. bxa6 d3 19. Bxd3 Bxb2 20. Rb1
Bxa3 21. Rb6 Bc5 22. Rc6 Bd7 23. Rc7 Ba4+ 24. Ke2 Rfb8 25. Kf3 Rb2 26. Rb1 Rxb1
27. Bxb1 g6 28. Bd3 Bd1+ 29. Kg3 Ra7 30. Rc8+ Kg7 31. Bb5 Re7 32. Rxc5 Be2 33.
Bxe2 dxc5 34. Bb5 Kf6 35. d6 Ra7 36. Kf4 Ke6 37. d7 Ke7 38. Ke5 c4 39. Kd4 Rc7
40. Kc3 f6 41. a4 h6 42. a7 Rxa7 43. Kxc4 Rc7+ 44. Kb4 Rc1 45. a5 Rb1+ 46. Kc4
Rb2 47. a6 Rxf2 48. Kc5 Rc2+ 49. Kb6 Rxg2 50. Kc7 Rc2+ 51. Bc6 1-0

[Event "DEM U12/U12w 2009"]
[Site "Willingen GER"]
[Date "2009.06.05"]
[Round "9"]
[White "Keller, Peter"]
[Black "Schmücker, Felix"]
[Result "1/2-1/2"]
[Termination "normal"]
[Board "19"]
[WhiteElo "1458"]
[BlackElo "1657"]
[PlyCount "82"]
[WhiteFideId "1272105"]
[BlackFideId "12900273"]
[EventCountry "GER"]
[EventRounds "11"]
[EventType "swiss"]
[EventDate "2009.05.30"]

1. e4 d5 2. exd5 Nf6 3. Nf3 Nxd5 4. d4 g6 5. c4 Nb6 6. c5 Nd5 7. Bc4 c6 8. Qb3
Bg7 9. Nc3 e6 10. O-O O-O 11. Ne4 b6 12. Rd1 Nd7 13. Qa3 N7f6 14. Nd6 Ne8 15.
Nxc8 Qxc8 16. Be3 b5 17. Bf1 Nef6 18. Qb3 a5 19. a4 b4 20. Nd2 Rd8 21. Nc4 Ne8
22. g3 Qc7 23. Bg2 Nef6 24. Rd2 h6 25. Ne5 Nd7 26. Nc4 Nxe3 27. fxe3 e5 28. Nd6
Rf8 29. Be4 Kh7 30. Nxf7 Nxc5 31. dxc5 Qxf7 32. Qxf7 Rxf7 33. Bxc6 Rc8 34. Bd5
Rfc7 35. c6 Rf8 36. Rc1 Bf6 37. Be6 Bg5 38. Re2 Rf3 39. Kg2 Rxe3 40. Rxe3 Bxe3
41. Rc2 Bd4 1/2-1/2